Normal view
MARC view
Entry Personal Name
001 - CONTROL NUMBER
- control field: 32397
003 - CONTROL NUMBER IDENTIFIER
- control field: ARRUPE
005 - DATE AND TIME OF LATEST TRANSACTION
- control field: 20170608145523.0
008 - FIXED-LENGTH DATA ELEMENTS
- fixed length control field: 170608|| aca||aabn | a|a d
040 ## - CATALOGING SOURCE
- Original cataloging agency: ARRUPE
- Transcribing agency: ARRUPE
100 ## - HEADING--PERSONAL NAME
- Personal name: Schapera, Isaac
670 ## - SOURCE DATA FOUND
- Source citation: Work cat.: (ARRUPE)64737: Schapera, Isaac, The Khoisan peoples of Southern Africa, 1930